|
|
|
|
| LEADER |
03380njm a2200805 a 4500 |
| 001 |
000276981 |
| 003 |
CZ BrMZK |
| 005 |
20210129175648.0 |
| 008 |
010907s1997 xr f cze d |
| 028 |
0 |
3 |
|a 41 0136-2 431
|b Edit
|
| 040 |
|
|
|a BOA001
|b cze
|
| 080 |
|
|
|a 788.085.2(086.7)
|2 MRF
|
| 110 |
2 |
|
|a Šťáhlavská šestka (hudební skupina)
|7 ko2003170003
|4 prf
|
| 245 |
1 |
0 |
|a Šťáhlavská šestka Josefa Pospíšila
|h [zvukový záznam] /
|c Šťáhlavská šestka Josefa Pospíšila.
|
| 246 |
3 |
3 |
|a Růžové opojení
|
| 246 |
3 |
3 |
|a Sbohem, nashledanou, přátelé
|
| 246 |
3 |
3 |
|a Vine se, vine, cesta nad Úslavou
|
| 246 |
3 |
3 |
|a Štěnovskej pošmistr
|
| 246 |
3 |
3 |
|a Šťáhlavskej zámeček
|
| 246 |
3 |
3 |
|a Čas krásných žízní
|
| 246 |
3 |
3 |
|a Úhlava, Úslava, Radbuza, Mže
|
| 246 |
3 |
3 |
|a Pastorella
|
| 246 |
3 |
3 |
|a Bílé konvalinky
|
| 246 |
3 |
3 |
|a Domažlická věži
|
| 246 |
3 |
3 |
|a Fešák s knírem
|
| 246 |
3 |
3 |
|a Hřebenářská pouť
|
| 246 |
3 |
3 |
|a Měl jsem holku ze Štěnovic
|
| 246 |
3 |
3 |
|a Patronka Bavariae
|
| 246 |
3 |
3 |
|a Pivovarský koně
|
| 246 |
3 |
3 |
|a Pivíčko v mázku
|
| 246 |
3 |
3 |
|a Polku hraj, kapelníku náš
|
| 260 |
|
|
|a Praha :
|b Edit,
|c p1997
|
| 300 |
|
|
|a 1 CD :
|b ADD ;
|c 12 cm +
|e 1 slož. list.
|
| 306 |
|
|
|a 004806
|
| 500 |
|
|
|a Nahr. 1979-1991
|
| 500 |
|
|
|a Durata 48:06
|
| 505 |
2 |
|
|a Čas krásných žízní, Hřebenářská pouť, Domažlická věži...[et al.]
|
| 511 |
0 |
|
|a Stáňa Fořtová, zpěv; Jitka Koutecká, zpěv; Helena Růžičková, zpěv...[et al.]
|
| 653 |
0 |
|
|a orchestrální polky
|a orchestrální tanga
|a orchestrální valčíky
|a písně s dechovým orchestrem
|
| 700 |
1 |
|
|a Špilar, Václav,
|d 1902-1968
|7 jz6702197
|4 lyr
|
| 700 |
1 |
|
|a Behrle, Günther
|7 mzk2011667428
|4 cmp
|
| 700 |
1 |
|
|a Bláha, Zdeněk,
|d 1929-2025
|7 xx0003153
|4 cmp
|
| 700 |
1 |
|
|a Bulka, Antonín,
|d 1944-
|7 xx0003785
|4 cmp
|
| 700 |
1 |
|
|a Bárta, Jiří,
|d 1943-2001
|7 jx20130920001
|4 prf
|
| 700 |
1 |
|
|a Bárta, Václav,
|d 1937-
|7 jk01010816
|4 lyr
|
| 700 |
1 |
|
|a Dinnebier, Jiří
|4 prf
|
| 700 |
1 |
|
|a Topinková-Fořtová, Stanislava,
|d 1961-
|7 pna2005274522
|4 prf
|
| 700 |
1 |
|
|a Geiger, Walter,
|d 1926-2015
|7 mzk2014828296
|4 cmp
|
| 700 |
1 |
|
|a Horák, Jaromír,
|d 1912-1982
|7 pna2005274486
|4 prf
|
| 700 |
1 |
|
|a Ježek, Jan,
|d 1957-
|7 jx20040213001
|4 prf
|
| 700 |
1 |
|
|a Jung, Robert,
|d 1935-
|7 mzk2014843677
|4 cmp
|
| 700 |
1 |
|
|a Kohout, Jaroslav,
|d 1935-
|7 mzk2014820185
|4 cmp
|
| 700 |
1 |
|
|a Koutecká, Jitka,
|c zpěvačka
|4 prf
|
| 700 |
1 |
|
|a Krpejšová, Hilda,
|d 1934-1999
|7 mzk2005286482
|4 lyr
|
| 700 |
1 |
|
|a Merhaut, Vladimír,
|d 1927-
|7 jk01081281
|4 lyr
|
| 700 |
1 |
|
|a Miegl, Jiří,
|d 1927-2011
|7 xx0007819
|4 prf
|
| 700 |
1 |
|
|a Moik, Karl,
|d 1938-2015
|7 mzk2014828306
|4 cmp
|
| 700 |
1 |
|
|a Nushart, Ladislav,
|d 1920-1981
|7 mzk2010613052
|4 lyr
|
| 700 |
1 |
|
|a Nýdl, Jan František,
|d -1989
|7 ola2002158812
|4 cmp
|
| 700 |
1 |
|
|a Polcar, Michal,
|d 1960-
|7 xx0192111
|4 prf
|
| 700 |
1 |
|
|a Pospíšil, Josef,
|d 1951-
|7 jx20040607018
|4 cnd
|4 cmp
|
| 700 |
1 |
|
|a Rolló, Karel
|4 lyr
|
| 700 |
1 |
|
|a Růžičková, Helena,
|d 1936-2004
|7 jn19990209735
|4 prf
|
| 700 |
1 |
|
|a Soukup, František,
|d 1915-2002
|7 jk01120526
|
| 700 |
1 |
|
|a Vocásek, Václav
|4 lyr
|
| 700 |
1 |
|
|a Werner, Miloslav
|4 cmp
|
| 910 |
|
|
|a BOA001
|b CD-0005.453
|
| 964 |
|
|
|a Orchestr dechový
|x CD
|
| 990 |
|
|
|a AV
|
| 996 |
6 |
|
|b 261H005711
|c CD-0005.453
|l MZK
|r Sklad / do 24 hodin
|n 0
|p p.v.
|w 000276981
|u 000010
|a 1
|e BOA001
|j MZK50
|s P
|